MDQL
is popping MORE tags! Check the
thread
!
Quizzes
Events
Quiz Creation
Community
Videos
Private Events
Remove Ads
Sign In
Join for FREE
Feedback
Dark Mode
Quiz Categories
Sports
Geography
Music
Movies
Television
Just For Fun
Miscellaneous
History
Literature
Language
Science
Gaming
Entertainment
Religion
Holiday
For Kids
Quiz Lab
Recent
Popular Today
Quiz Kudos Today
Editor Picks
Curator Picks
Quizzes by...
Day
Popularity
Type
Ratings
Length
Year
Community
Subscriptions
Recent Discussions
Orange Saloon
Badges
Playlists
Quests
Create
Leaderboards
Showdown
Live 5
Trivia Bingo
Activity
Puzzle Library
Sporcle Events
Private Events
Virtual Trivia
Globe League
Become a Host
Pub Owners
SporcleCon
Opinionation
Our Games
Videos
Blog
Mobile Apps
Partnerships
Remove Ads and Go Orange
Feedback
Music
Pop Music
The Beatles
Song
Album
Lyrics
Bands
Singers
Artist
Clip
Rock
Rap
Classical
Billboard
Country Music
Kpop
Taylor Swift
Music
Pop Music
The Beatles
Song
Album
Lyrics
Bands
Singers
Artist
Clip
Rock
Rap
Classical
Billboard
Country Music
Kpop
Taylor Swift
Random Quiz
Search Sporcle
×
Quiz Lab
Quiz Lab
Music
Matching
Type in answers that appear in a list
Type in answers that appear in a list
Classic
Best Score? Go Orange.
The Grunge Quiz Stats
Can you name the Grunge Band That Matches the Description?
By
SpursRock20
10m
11 Questions
368 Plays
368 Plays
368 Plays
Comments
Comments
Give Quiz Kudos
Give Quiz Kudos
-
- Ratings
hide this ad
Replay
Link that replays current quiz
Next Quiz
Link to next quiz in quiz playlist
You Got
0%
They Got
Avg Score
72%
Avg Friend Score
Upgrade to see
Score Distribution
Jump to the score distribution portion of the page
Score
0/11
Timer
10:00
0
Plays Today
Hint
Band
% Correct
This three-
member band had 5 drummers before finally landing Dave Grohl
Nirvana
97.8%
The death of the lead singer of this band prompted Eddie Vedder to write '4/
20/
02'
Alice in Chains
87.8%
One of the 'Godfathers of Grunge', recently reunited in '10 with the compilation album, 'Telephantasm'
Soundgarden
87.5%
Vedder and Chris Cornell combined to sing 'Say Hello to Heaven' in remembrance of Andrew Wood
Temple of the Dog
87.2%
This quintet are big fans of 'The Who'
Pearl Jam
86.4%
This group is headed by the lead singer who is dubbed by Rolling Stone 'as the the most controversial woman in the history of rock'
Hole
84.5%
This early grunge band was fronted by the late Andrew Wood
Mother Love Bone
79.1%
This quartet's lead singer and bassist developed a bond after finding that they were dating the same girl
Stone Temple Pilots
53.5%
This grunge 'supergroup' only released one album in '95
Mad Season
52.7%
This band's breakthrough album, 'Sweet Oblivion', went on to sale 300,000 copies in the U.S.
Screaming Trees
52.4%
The lead singer of this band has a huge birth mark on his left hand
Smashing Pumpkins
32.9%
Quiz Playlist
Details
Report
Send in Message
Add To Playlist
Classic:
Type in answers that appear in a list
Last Updated: Feb 16, 2017
Quiz Scoreboard
CHALLENGE
Sign Up to Join the Scoreboard
Show All
Scores
Hide
Comments
May contain spoilers
Recently Published
5x2 Blitz: Bands
by SL_Kpop136
Music
30s
Colored Red Africa Blitz
by spor1
Geography
30s
Find the 'City' Movie
by crazypaving
Movies
60s
More to Explore
Quiz From the Vault
Featured Blog Post
14 Easter Pick-up Lines to Find Eggs With
hide this ad
You Might Also Like...
Tags
description
grunge
Matching
Today's Top Quizzes in Music
Browse Music
hide this ad
Today's Top Quizzes in Matching
Browse Matching
Top Contributed Quizzes in Music
1
5X2 Blitz: Bands II
2
5X2 Blitz: The Beatles
3
Taylor Swift All Songs (2024)
4
5X2 Blitz: Billboard
5
Taylor Swift Logic Puzzle II
6
5X2 Blitz: Billboard II
7
Taylor Swift Logic Puzzle
8
5X2 Blitz: Rock
9
5X2 Blitz: Singers
10
5X2 Blitz: Album
Explore More
Trending Topics
Anime
Crossword
Marvel
NBA
Harry Potter
Disney
Kpop
Soccer
NFL
Song
WWE
Puzzle
Country
Pokémon
The Office
hide this ad
More By:
SpursRock20
Quiz
Plays
Rating
Category
Featured
Created
The Grunge Quiz
368
Music
Mar 19, 2012
Go to Creator's Profile
Score Distribution
Quiz Creator Spotlight
SpursRock20
Follow
Send a Message
Quizzes Created
-
Created Quiz Play Count
-
More By This Creator
Popular Quizzes Today
1
Colored Red Africa Blitz
2
Find the 'City' Movie
3
Find the US States - No Outlines Minefield
4
5x2 Blitz: Bands
5
The Countries of the World
6
Find the US States
7
Find the Countries of Europe - No Outlines Minefield
8
US States
More Music Quizzes
Surname Bands
Published
Trending Quizzes
Colored Red Europe Blitz I
Colored Red Europe Blitz II
Colored Red Africa Blitz II
Colored Red Europe Blitz III
Colored Red Africa Blitz III
Recently Updated
How Do You Spell That?
pecheneg
Godzilla Movies
pecheneg
Grab Bag: 4-10 Letters
pecheneg
2024 March Madness Bracket
pecheneg
Famous TV Couples
Peacemaker
Champions League XIs: Real Madrid
pecheneg
Largest US Cities 1790-2010
pecheneg
Rides in Walt Disney World
pecheneg
Most Oscar Losses (Acting)
pecheneg
Beyoncé Albums
pecheneg
Trending Topics
Anime
Kpop
Disney
Marvel
Crossword
NBA
Harry Potter
Puzzle
Country
Song
Soccer
WWE
The Office
Pokémon
NFL
Your Account Isn't Verified!
In order to create a playlist on Sporcle, you need to verify the email address you used during registration. Go to your
Sporcle Settings
to finish the process.
Report this User
Report this user for behavior that violates our
Community Guidelines
.
Details:
Send Report
Go to the Sporcle.com Mobile Site →
Comments